| 000 | 00786nam a2200301Ia 4500 | ||
|---|---|---|---|
| 008 | 170711s9999 xx 000 0 und d | ||
| 020 | _a1403942374 | ||
| 050 | _a338.09 | ||
| 050 | _bB126 2005 | ||
| 100 | _aBackman, Michael | ||
| 245 | _aInside knowledge : | ||
| 245 | _bstreetwise in Asia / | ||
| 245 | _cby Michael Backman. | ||
| 260 | _aLondon : | ||
| 260 | _bMacmillan, | ||
| 260 | _c2005 | ||
| 300 | _aix, 259 pages : | ||
| 300 | _billustrations ; | ||
| 300 | _c24cm. | ||
| 500 | _aIncludes notes and index. | ||
| 650 | _aAsia -- | ||
| 650 | _aAsia -- Commerce -- | ||
| 650 | _aInvestments, Foreign -- Asia -- | ||
| 650 | _xEconomic conditions -- 1945- | ||
| 650 | _xHandbooks, manuals, etc. | ||
| 650 | _xHandbooks, manuals, etc. | ||
| 700 | _aTitle. | ||
| 999 |
_c339706 _d339706 |
||